000 00859nam a2200229Ia 4500
003 GCL
005 20240530105213.0
008 140319s1989 ua g 000 0 ara d
017 _a89/1118
_bمصر. دار الكتب
040 _aGCL /
_cGCL
082 0 4 _a272.21/
_bج خ
245 0 0 _aخروج /
_cنقلة الى العربية نكلس نسيم ؛ المحرر المسئول جوزيف صابر
260 _aالقاهرة :
_bدار الثقافة العربية ،
_c1989.
300 _a273 ص. ؛
_c24 سم.
490 0 _aالتفسير الحديث للكتاب المقدس : العهد القديم ؛
_v2.
650 0 7 _2qrmak
_aالعهد القديم
650 0 7 _2qrmak
_aالانجيل
650 0 7 _2qrmak
_aسفر الخروج
700 0 _aجوزيف صابر
_eمحرر
700 0 _aنكلس نسيم
_eمترجم
942 _2ddc
_cBK
999 _c53912
_d53912